| 000 | 00718nam a2200193 a 4500 | ||
|---|---|---|---|
| 003 | 0 | ||
| 005 | 20250314115941.0 | ||
| 008 | 080925s19uu xx 00 eng d | ||
| 050 |
_aPHS RM 267.A46 _b.D491 2008 |
||
| 100 | _aDe Vera, Chelsie Marie. | ||
| 245 |
_aEffect of different brands of Amoxicillin antibiotics on Streptococcus pneumoniae / _cChelsie Marie De Vera. |
||
| 260 |
_aLas PiƱas City, Philippines : _bSouthville International School and Colleges, _c2008. |
||
| 300 |
_a23 pages : _billustrations ; _c28 cm. |
||
| 504 | _aIncludes bibliographical references. | ||
| 650 |
_aAmoxicillin _xTherapeutic use. |
||
| 650 |
_aAntibiotics _xEffectiveness. |
||
| 650 |
_aAntibiotics _xTesting. |
||
| 942 |
_2lcc _cPASS |
||
| 999 |
_c98120 _d98120 |
||